| 000 -LEADER |
| fixed length control field |
00550cam a2200169 a 4500 |
| 005 - DATE AND TIME OF LATEST TRANSACTION |
| control field |
20131010090432.0 |
| 008 - FIXED-LENGTH DATA ELEMENTS--GENERAL INFORMATION |
| fixed length control field |
020711s2002 nyua j 000 0 alb |
| 041 0# - LANGUAGE CODE |
| Language code of text/sound track or separate title |
eng |
| 080 ## - UNIVERSAL DECIMAL CLASSIFICATION NUMBER |
| Universal Decimal Classification number |
159.9 |
| 100 1# - Rafti |
| Rafti |
Johnson, Spencer. |
| 245 10 - TITLE STATEMENT |
| Title |
Kush ma ka lëvizur djathin : |
| Statement of responsibility, etc |
Spencer Johnson. Përktheu : Majlinda Bregasi |
| 246 ## - VARYING FORM OF TITLE |
| Remainder of title |
Who moved my cheese |
| 260 ## - |
| -- |
Elta BS & Altini |
| -- |
c2002. |
| 300 ## - |
| -- |
94 f. : |
| -- |
me il. ; |
| -- |
21 cm. |
| 650 #0 - |
| -- |
Psikologjia |
| 942 ## - ADDED ENTRY ELEMENTS (KOHA) |
| Source of classification or shelving scheme |
|
| Item type |
Books |